Artistas musicales españoles II - Estadísticas

Estadísticas generales
  • Esta prueba ha sido intentada 4.584 veces
  • La puntuación promedio es 13 de 20
Estadísticas de respuestas
Canciones Intérprete % Correcto
Yo soy aquel | Mi gran noche | Escándalo Raphael
90%
Soldadito marinero | Por la boca vive el pez | Antes de que cuente diez Fito & Fitipaldis
86%
Rosas | Jueves | La Playa La Oreja de Van Gogh
85%
La madre de José | Zapatillas | Besos El Canto del Loco
83%
Devuélveme a mi chica | Venezia | Voy a pasármelo bien Hombres G
83%
Solamente tú | Te he echado de menos | Saturno Pablo Alborán
83%
A quién le importa | Ni tú ni nadie | Bailando Alaska
81%
Bailando | Bailamos | I like it Enrique Iglesias
77%
Blanco y Negro | A Prueba de Ti | Aprendiz Malú
76%
Tenía tanto que darte | En que estrella estará | Idiota Nena Daconte
74%
Supernova | Polaris | Sikora Saiko
72%
Libre | Un beso y una flor | Mi gran amor Nino Bravo
71%
So payaso | Si te vas | La vereda de la puerta de atrás Extremoduro
65%
Vivir Así es Morir de Amor | Perdóname | Fresa salvaje Camilo Sesto
58%
Carolina | Llamando a la Tierra | Miedo M-Clan
55%
Mediterráneo | Cantares | Penélope Joan Manuel Serrat
54%
Que la detengan | Dile que la quiero | Bye Bye David Civera
48%
Bandido | Ven, Devórame otra Vez | Sólo se Vive una Vez Azúcar Moreno
42%
Insurrección | Como un burro amarrado en la puerta del baile | El loco de la calle El Último de la Fila
34%
Lobo-hombre en París | Maracaibo | Vuelve el Amor La Unión
30%
No se encontraron pruebas coincidentes
Distribución de puntuación
Porcentaje de gente con cada puntuación
Porcentaje por número respondido
Historial de tus puntuaciones
No has intentado esta prueba.